00330nam a2200121Ia 4500008004100000082002000041100001800061245005000079250000800129260004400137300001000181650001700191150201s2004 xx 000 0 und d a617.693bB2004G aGRAG, ARUN K. aBONE BIOLOGY HARVESTING GRAFTING FOR IMPLANTS a1ST bQUINTESSENCE PUBLICATIONaCHICAGOc2004 a1-279 aIMPLANTOLOGY